000 00960nam a22002297a 4500
999 _c15532
_d15532
003 AR-CdUCM
008 190429b ||||| |||| 00| 0 spa d
040 _aMUNICIPALIDAD PROVINCIAL DEL CUSCO
_cBIBLIOTECA MUNICIPAL DEL CUSCO
082 _aC / 398.05 /
_bM79
245 _aTradición :
_bRevista de cultura peruana /
260 _aCusco :
_bÓrgano oficial del grupo tradición del Perú,
_c1953.
300 _a183 páginas ;
_c23 cm.
440 _aNúmeros
_n12-14
_934631
500 _aEn las primeras y en las ultimas páginas del texto, contiene la guía comercial y profesional de la ciudad del Cusco.
505 _a Contenido : En nuevo aniversario -- Lenguaje del caminante, por Joan Amades y Gelats -- A Cesar Vallejo, por Mario Escobar Moscoso ...
650 _aActualidad
_932938
650 _aSociología
_9276
650 _aHistoria
_9136
700 _aMorote Best, Efraín (Director)
_934632
942 _2ddc
_cPP
945 _arah
_d29/04/2019